| 000 | 00942nam a2200265 i 4500 | ||
|---|---|---|---|
| 001 | bg | ||
| 245 | 0 | 0 |
_aTechnika informatyczna : _bsłownictwo znormalizowane / _c[oprac. Hanna Kłodnicka et al.]. |
| 246 | 1 | 8 | _aSłownictwo znormalizowane - technika informatyczna |
| 260 |
_aWarszawa : _bPolski Komitet Normalizacyjny, _c1999. |
||
| 300 |
_a[4], VI, 400 s. : _bil. ; _c25 cm. |
||
| 500 | _aTyt. nagł.: Słownictwo znormalizowane - technika informatyczna. - Tekst częśc. równol. pol., ang., fr. | ||
| 504 | _aIndeks. | ||
| 650 | 9 |
_aInformatyka _xterminologia |
|
| 650 | 9 | _aSłownik polski | |
| 655 | _aSłowniki | ||
| 700 | 1 | _aKŁODNICKA, Hanna | |
| 020 | _a8386629665 | ||
| 040 | _cBPK | ||
| 041 | 0 | _aplenfr | |
| 080 | _a004(038) | ||
| 920 | _a83-86629-66-5 | ||
| 942 | _cKS | ||
| 008 | s pl f |000 0 pol | ||
| 999 |
_c39884 _d39884 |
||
| 856 |
_uhttp://koha.tu.koszalin.pl/cgi-bin/koha/opac-detail.pl?biblionumber=39884 _yKatalog online BPK |
||